000 00742nam a22002417a 4500
001 3741
003 FISKH
005 20240429090045.0
008 240429b cb ||||| |||| 00| 0 eng d
040 _aFISK
_beng
_cFISK
_dFISK
050 _aPZ7.M2426
082 _a823.92
100 _aMacPhail Catherine
_d1946-2021
245 _aMissing /
_cCatherine MacPhail
260 _aNew York :
_bScholastic,
_c2005
300 _a191 pages :
_c20 cm
505 _aH
520 _aShortly after her runaway brother is declared dead, thirteen-year-old Maxine begins receiving phone calls from someone claiming to be her brother.
521 8 _a510
_bLexiles
700 _aCatherine MacPhail
942 _2lcc
_cBK
_n0
999 _c3741
_d3741